Normal view
MARC view
Entry Topical Term
001 - CONTROL NUMBER
- control field: 52522
003 - CONTROL NUMBER IDENTIFIER
- control field: ARRUPE
005 - DATE AND TIME OF LATEST TRANSACTION
- control field: 20240306110958.0
008 - FIXED-LENGTH DATA ELEMENTS
- fixed length control field: 240306|| aca||aabn | a|a d
040 ## - CATALOGING SOURCE
- Original cataloging agency: ARRUPE
- Transcribing agency: ARRUPE
150 ## - HEADING--TOPICAL TERM
- Topical term or geographic name as entry element: Ethnicity
- Geographic subdivision: Zambezi River Region
670 ## - SOURCE DATA FOUND
- Source citation: Work cat.: (ARRUPE)131826: Davison, Jean, 1937- 52521, Gender, lineage, and ethnicity in southern Africa /, 1997.